Avatar: The Last Airbender Quotes by Episode: Book 2 - Statistics

General Stats
  • This quiz has been taken 706 times
  • The average score is 13 of 20
Answer Stats
Episode Character Quote % Correct
The Swamp Iroh "It's a long, long way to {Ba} {Sing} {Se}"
86%
The Crossroads of Destiny Iroh "Did I ever tell you how I got the nickname '{The} {Dragon} {of} {the} {West}'?
85%
The Tales of Ba Sing Se Iroh "Leaves from the {vine}, falling so slow."
85%
City of Walls and Secrets Dai Li Agent "There is no {war} within the walls."
85%
The Blind Bandit Toph "What are you doing here, {Twinkle} {Toes}?!"
79%
The Cave of Two Lovers Chong "{Secret} {tunnel}!"
73%
Zuko Alone Zuko "Azula always {lies}."
72%
The Chase Azula "Well, look at this. Enemies and {traitors}, all working together."
72%
The Earth King Sokka "Looks like Long Feng is {long} {gone}!"
70%
The Avatar State Azula "Do the {tides} command this ship?"
69%
The Desert Fung "I see you favor the {white} {lotus} gambit. Not many still cling to the ancient ways."
65%
Avatar Day Tong "That's why we call it justice. Because it's {just} {us}."
64%
Return to Omashu Ty Lee "I mean, my aura has never been {pinker}!"
60%
The Serpent's Pass Ying "The Serpent's Pass? Only the truly {desperate} take that deadly route!"
60%
The Library Wan Shi Tong "Indeed, I am Wan Shi Tong, He Who Knows {Ten} {Thousand} Things."
53%
The Drill Sung "They don't call it {Na} {Sing} {Se}."
51%
Appa's Lost Days Azula "Who are you? The Avatar's {fan} {girls}?"
38%
The Guru Zuko "Things are {looking} {up}, Uncle."
37%
Lake Laogai Aang "We've got to get to {Whaletail} Island!"
34%
Bitter Work Sokka "Yeah, no {crushing}, please."
31%
No matching quizzes found
Score Distribution
Percent of People with Each Score
Percentile by Number Answered
Your Score History
You have not taken this quiz